000
00424nam a2200157Ia 4500
008
220531s9999 xx 000 0 und d
041
_a
mar
100
_a
मुळे ज्ञानेश्वर
_9
52430
245
_a
नोकरशाहीचे रंग
260
_b
Sadhana
_c
2005
300
_a
286
542
_d
18-02-2009
650
_a
Sociology
_9
52431
906
_d
2008-2009
999
_c
30434
_d
30434